|
|
|
|
| LEADER |
00000nam0a2200000 4500 |
| 001 |
80386 |
| 005 |
20231101213116.0 |
| 010 |
|
|
|a 5939723632
|
| 035 |
|
|
|a (RuTPU)RU\TPU\book\86397
|
| 090 |
|
|
|a 80386
|
| 100 |
|
|
|a 20050905d2004 km y0rusy50 ca
|
| 101 |
0 |
|
|a rus
|
| 102 |
|
|
|a RU
|
| 105 |
|
|
|a a z 000zy
|
| 200 |
1 |
|
|a Парадоксы нефтяной физики
|f А. Х. Мирзаджанзаде, В. А. Байков
|
| 210 |
|
|
|a Москва
|c Регулярная и хаотическая динамика
|d 2004
|
| 215 |
|
|
|a 224 с.
|c ил
|
| 225 |
1 |
|
|a Современные нефтегазовые технологии
|
| 330 |
|
|
|a Книга посвящена одной из наиболее своеобразных областей знаний - нефтяной физике. Сложность процессов, происходящих в глубине Земли, создает множество проблем. Стремясь познакомить читателя с этим кругом проблем, авторы избрали оригинальный путь. Книга построена в форме задач и парадоксов, с которыми встречаются инженеры, занимающиеся вопросами нефтяного дела. Такое построение позволяет заинтересовать читателя, заставить его задуматься. Книга рассчитана на широкий круг читателей.
|
| 606 |
1 |
|
|a Нефтяные пласты
|x Физика
|x (горное дело)
|2 stltpush
|3 (RuTPU)RU\TPU\subj\46000
|9 65188
|
| 610 |
1 |
|
|a нефтяное дело
|
| 610 |
1 |
|
|a нефтяная физика
|
| 610 |
1 |
|
|a глубинные процессы
|
| 610 |
1 |
|
|a проблемы
|
| 610 |
1 |
|
|a парадоксы
|
| 610 |
1 |
|
|a задачи
|
| 610 |
1 |
|
|a практические пособия
|
| 610 |
1 |
|
|a учебные пособия
|
| 675 |
|
|
|a 622.276:53(076)
|v 3
|
| 700 |
|
1 |
|a Мирзаджанзаде
|b А. Х.
|g Азат Халилович
|
| 701 |
|
1 |
|a Байков
|b В. А.
|g Виталий Анварович
|
| 801 |
|
1 |
|a RU
|b 63413507
|c 20050905
|g PSBO
|
| 801 |
|
2 |
|a RU
|b 63413507
|c 20140704
|g PSBO
|
| 942 |
|
|
|c BK
|
| 959 |
|
|
|a 67/20050905
|d 1
|e 220
|f ЧЗТЛ:1
|
| 959 |
|
|
|a 120/20051228
|d 1
|e 179
|f НФ:1
|
| 959 |
|
|
|a 2/20060130
|d 1
|e 220
|f НФ:1
|